Estudo de Mercado de Productos Agropecuarios do Nordeste: Abacaxi, Banana, Cajusuco de Frutas / (Record no. 171697)
[ view plain ]
| 000 -CABECERA | |
|---|---|
| campo de control de longitud fija | 00880nam a2200229Ia 4500 |
| 001 - NÚMERO DE CONTROL | |
| campo de control | dia_1150 |
| 003 - IDENTIFICADOR DEL NÚMERO DE CONTROL | |
| campo de control | CHAP |
| 005 - FECHA Y HORA DE LA ÚLTIMA TRANSACCIÓN | |
| campo de control | 20230126103409.0 |
| 008 - DATOS DE LONGITUD FIJA--INFORMACIÓN GENERAL | |
| campo de control de longitud fija | 220117s1973 xx 000 0 und d |
| 010 ## - NÚMERO DE CONTROL DE LA BIBLIOTECA DEL CONGRESO | |
| Número de control de LC | 171697 |
| 040 ## - FUENTE DE LA CATALOGACIÓN | |
| Centro/agencia transcriptor | CHAP |
| 082 ## - NÚMERO DE LA CLASIFICACIÓN DECIMAL DEWEY | |
| Número de clasificación | 381.419813 B72 |
| 110 ## - ENTRADA PRINCIPAL--NOMBRE DE ENTIDAD CORPORATIVA | |
| Nombre de entidad corporativa o nombre de jurisdicción como elemento de entrada | Brasil. Departamento de Agricultura e Abastecimento. |
| 9 (RLIN) | 150163 |
| 245 ## - MENCIÓN DE TÍTULO | |
| Título | Estudo de Mercado de Productos Agropecuarios do Nordeste: Abacaxi, Banana, Cajusuco de Frutas / |
| Mención de responsabilidad, etc. | por el Departamento de Agricultura e Abastecimento. |
| 260 ## - PUBLICACIÓN, DISTRIBUCIÓN, ETC. | |
| Lugar de publicación, distribución, etc. | Brasil. S.I. |
| Fecha de publicación, distribución, etc. | 1973 |
| 300 ## - DESCRIPCIÓN FÍSICA | |
| Extensión | 206 p. |
| 610 ## - PUNTO DE ACCESO ADICIONAL DE MATERIA--NOMBRE DE ENTIDAD CORPORATIVA | |
| Nombre de entidad corporativa o nombre de jurisdicción como elemento de entrada | 1.Piña-Mercado-Brasil/ 2.Plátano-Mercado-Brasil / 3.Marañón-Mercado-Brasil./ 4.Jugos de Frutas/ 5.Productos Agrícolas-Mercadotecnía-Brasil. i.t. |
| 9 (RLIN) | 150164 |
| 901 ## - ELEMENTOS DE DATOS A LOCAL LDA (RLIN) | |
| a | 381.419813 B72 |
| 902 ## - ELEMENTOS DE DATOS B LOCAL, LDB (RLIN) | |
| a | M |
| 905 ## - ELEMENTOS DE DATOS E LOCAL, LDE (RLIN) | |
| a | 0000001973 BRAX 0000000000POR00 |
| 942 ## - ELEMENTOS DE PUNTO DE ACCESO ADICIONAL (KOHA) | |
| Tipo de ítem Koha | Libro |
| Fuente del sistema de clasificación o colocación | Dewey Decimal Classification |
| Estado de retiro | Estado de pérdida | Fuente del sistema de clasificación o colocación | Estado dañado | No para préstamo | Código de colección | Localización permanente | Ubicación/localización actual | Fecha de adquisición | Información codificada de la localización en otra ubicación | Total de préstamos | Signatura topográfica completa | Código de barras | Fecha visto por última vez | Número de copia | Precio válido a partir de | Tipo de ítem Koha |
|---|---|---|---|---|---|---|---|---|---|---|---|---|---|---|---|---|
| Dewey Decimal Classification | General | Ingenieria Agroindustrial | Ingenieria Agroindustrial | 18/01/2022 | 1 | 381.419813 B72 | dia_462 | 18/01/2022 | 1 | 18/01/2022 | Libro |
